logo

Bir Sreshtho Munshi Abdur Rouf Library
Jhenaidah Cadet College

কুরআন- সুন্নাহর আলোকে পোশাক, পর্দা ও দেহ-সজ্জা / (Record no. 13011)

MARC details
000 -LEADER
fixed length control field 00949nam a2200217 a 4500
001 - CONTROL NUMBER
JCCL Control Number 13011
003 - CONTROL NUMBER IDENTIFIER
JCCL marc code BD-JhCC
005 - DATE AND TIME OF LATEST TRANSACTION
control field 20230613111414.0
008 - FIXED-LENGTH DATA ELEMENTS--GENERAL INFORMATION
fixed length control field 230613b20072021b ||||| ||a| 00| 0 b d
035 ## - SYSTEM CONTROL NUMBER
system control number (BD-JhCC)13011
040 ## - CATALOGING SOURCE
Original cataloging agency BD-JhCC
Modifying agency BD-JhCC
041 ## - LANGUAGE CODE
Language code of Book eng
082 ## - DEWEY DECIMAL CLASSIFICATION NUMBER
Classification number 346.0134
Author mark and Year JAH 2021
100 ## - MAIN ENTRY--PERSONAL NAME
Personal name জাহাঙ্গীর (রাহিমাহুল্লাহ),ড. খোন্দকার আব্দুল্লাহ
245 ## - TITLE STATEMENT
Title কুরআন- সুন্নাহর আলোকে পোশাক, পর্দা ও দেহ-সজ্জা /
Statement of responsibility, etc ড. খোন্দকার আব্দুল্লাহ জাহাঙ্গীর (রাহিমাহুল্লাহ)
260 ## - PUBLICATION, DISTRIBUTION, ETC. (IMPRINT)
Place of publication, distribution, etc ঝিনাইদহ
Name of publisher, distributor, etc আল-সুন্নাহ পাবলিকেশন্স
Date of publication, distribution, etc 2021
300 ## - PHYSICAL DESCRIPTION
Pagination 384p. :
Dimensions 21 cm.
650 ## - SUBJECT ADDED ENTRY--TOPICAL TERM
Topical term or geographic name as entry element Porda
650 ## - SUBJECT ADDED ENTRY--TOPICAL TERM
Topical term or geographic name as entry element Velis
Form subdivision Religious aspects
General subdivision Islam
942 ## - ADDED ENTRY ELEMENTS (KOHA)
Source of classification or shelving scheme Dewey Decimal Classification
Koha item type Books
Holdings
Source of classification or shelving scheme Damaged status Not for loan Home library Current library Shelving location Date of accession Cost, normal purchase price Total Checkouts Full call number Barcode Date last seen Date checked out Copy number Method of acquisition Koha item type Currency
Dewey Decimal Classification     JCC Rouf Library JCC Rouf Library General Stacks 06/13/2023 300.00 1 346.0134 JAH 2021 17650 09/23/2023 07/26/2023 C-1 Purchase Books BDT
Dewey Decimal Classification     JCC Rouf Library JCC Rouf Library General Stacks   196.00 1 346.0134 JAH 2017 16971 09/30/2024 09/09/2024 C-2 Purchase Books BDT

JCC Library | Contacts | JCC Home

Last Update on 23 September 2017
Copyright @ 2017-2020 JCC Rouf Library
Rouf Library, Jhenidah Cadet College (JCC), Bangladesh